<?xml version="1.0" encoding="UTF-8"?>
<record
    xmlns:xsi="http://www.w3.org/2001/XMLSchema-instance"
    xsi:schemaLocation="http://www.loc.gov/MARC21/slim http://www.loc.gov/standards/marcxml/schema/MARC21slim.xsd"
    xmlns="http://www.loc.gov/MARC21/slim">

  <leader>01118nam a2200145   4500</leader>
  <datafield tag="999" ind1=" " ind2=" ">
    <subfield code="c">510596</subfield>
    <subfield code="d">510596</subfield>
  </datafield>
  <controlfield tag="008">190826b           ||||| |||| 00| 0 eng d</controlfield>
  <datafield tag="100" ind1=" " ind2=" ">
    <subfield code="a">Panday, Pranab Kumar</subfield>
    <subfield code="9">8847</subfield>
  </datafield>
  <datafield tag="245" ind1=" " ind2=" ">
    <subfield code="a">Public participation in local governments in Bangladesh: experience, challenges and the future</subfield>
  </datafield>
  <datafield tag="260" ind1=" " ind2=" ">
    <subfield code="c">2019</subfield>
  </datafield>
  <datafield tag="300" ind1=" " ind2=" ">
    <subfield code="a">p.85-96.</subfield>
  </datafield>
  <datafield tag="520" ind1=" " ind2=" ">
    <subfield code="a">Despite constitutional guarantees of a clear separation of power between the central and local governments in Bangladesh, problems continue to lie in politicians not upholding the spirit of the decentralisation of power to the local level. This is one of the very few areas where consensus building among the ruling and opposition parties is possible, which could result in public participation in local governing processes becoming more active and meaningful than it has been to-date. The challenges involved have hindered the possibility of local governments contributing efficiently and effectively to the overall development of the country. - Reproduced. </subfield>
  </datafield>
  <datafield tag="773" ind1=" " ind2=" ">
    <subfield code="a">Asia Pacific Journal of Public Administration</subfield>
  </datafield>
  <datafield tag="906" ind1=" " ind2=" ">
    <subfield code="a">Local government - Bangladesh</subfield>
  </datafield>
  <datafield tag="942" ind1=" " ind2=" ">
    <subfield code="2">ddc</subfield>
    <subfield code="c">AR</subfield>
  </datafield>
  <datafield tag="952" ind1=" " ind2=" ">
    <subfield code="0">0</subfield>
    <subfield code="1">0</subfield>
    <subfield code="2">ddc</subfield>
    <subfield code="4">0</subfield>
    <subfield code="7">0</subfield>
    <subfield code="9">384524</subfield>
    <subfield code="a">IIPA</subfield>
    <subfield code="b">IIPA</subfield>
    <subfield code="d">2019-08-26</subfield>
    <subfield code="h">41(2), Jun, 2019: p.85-96.</subfield>
    <subfield code="p">AR120511</subfield>
    <subfield code="r">2019-08-26</subfield>
    <subfield code="y">AR</subfield>
  </datafield>
</record>
